Resistid!: relectura de la Carta a los Hebreos

Guardat en:
Dades bibliogràfiques
Autor principal: Carrière, Jean-Marie (Autor)
Format: Llibre
Idioma:espanyol
Publicat: Pamplona Verbo Divino 2011
Edició:1a. ed
Col·lecció:Cuadernos Bíblicos, 151
Matèries:
Etiquetes: Afegir etiqueta
Sense etiquetes, Sigues el primer a etiquetar aquest registre!

MARC

LEADER 00000cam a2200000 a 4500
001 UCD4396
003 CL-VaPUC
008 160708e20110000sp |||||||||||||||||spa|d
020 |a 9788499452197 
082 0 4 |a 225  |b CAR  |2 21 
100 0 |a Carrière, Jean-Marie  |e author  |9 588056 
245 1 0 |a Resistid!: relectura de la Carta a los Hebreos 
250 |a 1a. ed 
300 |a 76 p 
942 |c BK 
945 |d 20160708 23:22:00  |a dcastane 
260 |a Pamplona  |b Verbo Divino  |c 2011 
650 7 |a HEBREOS  |2 CL-VaPUC  |9 314389 
650 0 |a Nuevo testamento  |9 257604 
583 |a last modification  |c 20160708 23:22:00  |k Rodrigo Vera 
490 0 |a Cuadernos Bíblicos, 151 
999 |c 365294  |d 365292 
952 |0 0  |1 0  |3 erb  |4 0  |6 225_000000000000000_CAR_2011  |7 0  |8 A  |9 479090  |a BIBTEO  |b BIBTEO  |i 5296129  |o 225 CAR 2011  |p 5296129  |r 2025-01-17  |w 2019-11-24  |y BK  |z Catalogado en:20160708  |k ICR